00576 2200205 4500001002100000005001500021035002000036245007600056100002100132250001000153300003200163700001700195260003800212082000800250084001400258020002200272650002100294008004100315990001400356INLIS00000000000201220260413102629 a0010-04260000111 aVertikultur :bKebun Sayur Bertingkat di Pekarangan /cNorbertus Kaleka0 aNorbertus Kaleka aCet I a221 hlm :bilus. ;c22,8 cm0 aReno Suryani aYogyakarta :bPustaka Baru,c2019 a635 a635 NOR v a978-602-376-181-4 4aBudidaya Tanaman260413 0 ind  a202379123